Etnické komunity integrace, identita

Bibliographic Details
Other Authors: Bittnerová, Dana, 1966- (Editor), Moravcová, Mirjam, 1931-2023 (Editor)
Format: Book
Language:Czech
Slovak
PhysicalDescription:359 s. ilustr. 21 cm
Published: Praha Fakulta humanitních studií Univerzity Karlovy 2011
ISBN:9788087398135 (brož.)
Edition:1. vyd.
Series:Agora
Subjects:

MARC

LEADER 00000nam a2200000 a 4500
001 vtls010353777
003 SK-MaSNL
005 20260301213920.0
008 251029s2011 xr f f 000 0 cze
015 |a SNBZSA2013-00192 
020 |a 9788087398135 (brož.) 
035 |a 9FF3D96F-C145-4645-98CC-EA2D79FEF92F 
035 |a urn:nbn:sk:snk-amlbnd 
035 |a urn:nbn:sk:snk-am00926y 
040 |a SNK  |b slo  |c SNK  |e AACR2 
041 0 |a cze  |a slo  |b eng 
044 |a xr  |c CZ 
072 7 |a 316.3  |x Globálne spoločnosti. Sociálna štruktúra. Sociálne skupiny  |2 konspekt 
080 |a 316.356.4  |2 2001 
080 |a 323.15  |2 2001 
080 |a 316.347  |2 2001 
080 |a 316.72  |2 2001 
080 |a (048.8:082)  |2 2001 
245 0 0 |a Etnické komunity  |b integrace, identita  |c eds. Dana Bittnerová, Mirjam Moravcová 
246 3 |a Etnické komunity - integrace, identita 
250 |a 1. vyd. 
260 |a Praha  |b Fakulta humanitních studií Univerzity Karlovy  |c 2011 
300 |a 359 s.  |b ilustr.  |c 21 cm 
490 1 |a Agora  |v zv. 7 
504 |a Obsahuje bibliografie a bibliogr. odkazy 
546 |a Čiastočne slovenský text, anglické resumé 
650 0 7 |a etnické skupiny  |2 SNKPH  |9 1669 
650 0 7 |a národnostné menšiny  |2 SNKPH  |9 2669 
650 0 7 |a etnicita  |2 SNKPH  |9 4899 
650 0 7 |a kultúrna identita  |2 SNKPH  |9 1668 
650 0 7 |a sociálna integrácia  |2 SNKPH  |9 60109 
655 7 |a kolektívne monografie  |2 SNKPH  |9 249850 
700 1 |a Bittnerová, Dana,  |d 1966-  |4 edt  |9 485834 
700 1 |a Moravcová, Mirjam,  |d 1931-2023  |4 edt  |9 471245 
830 0 |a Agora  |9 485835 
919 |a 978-80-87398-13-5 
958 |a ZS 
958 |a NM 
958 |a CZ 
958 |a NB 
999 |c 923141  |d 925071 
952 |a SNK  |b SNK  |y PREZ  |7 0  |p 17A1030512  |o snkSC 150053  |i snk2012/12160  |8 4  |g 7.40  |0 0  |1 0  |4 0  |d 2012-06-11  |f 1  |l 0  |r 2025-07-18 00:00:00  |w 2026-02-24